| 000 | 00758nam a2200229 i 4500 | ||
|---|---|---|---|
| 001 | 171273 | ||
| 003 | ES-MaACL | ||
| 005 | 20250808062759.0 | ||
| 008 | 090507s1965 sp |||| | spa d | ||
| 017 | _aM 7956-1965 | ||
| 100 | 0 |
_aPascher, Joseph. _989324 |
|
| 245 | 1 | 0 |
_aEl año litúrgico / _cpor J. Pascher ; versión española por Daniel Ruiz Bueno. |
| 260 |
_aMadrid : _b[La Editorial Católica], _c1965. |
||
| 300 |
_aXI, 819 p. ; _c20 cm. |
||
| 490 | 1 |
_aBiblioteca de autores cristianos ; _v247 |
|
| 594 | _aTraducción de : Das liturgische Jahr. | ||
| 700 | 0 |
_aRuiz Bueno, Daniel. _9100677 |
|
| 830 | 0 | 0 |
_aBiblioteca de autores cristianos _v247 _9178679 |
| 852 |
_aES-MaACL _jJ-242 _9R.46092 |
||
| 999 |
_c171273 _d171273 |
||